La DDHC - Statistiques

Statistiques générales
  • Ce quiz a été pris 129 fois
  • Le résultat moyen est 7 sur 17
Statistiques - réponses
Hint Réponse % Correct
Article 1 Égalité et liberté de naissance
68%
Article 17 Droit de propriété
61%
Article 2 Droits naturels (liberté, propriété, sûreté)
61%
Article 3 Souveraineté nationale
55%
Article 16 Séparation des pouvoirs
52%
Article 15 Responsabilité des agents publics
45%
Article 4 Liberté bornée par autrui
42%
Article 11 Liberté d'expression et de la presse
35%
Article 9 Présomption d'innocence
35%
Article 14 Droit de consentir à l'impôt
32%
Article 6 Égalité devant la Loi et les emplois publics
32%
Article 13 Égalité devant l'impôt
32%
Article 10 Liberté d'opinion et de religion
32%
Article 12 Force publique pour l'intérêt commun
23%
Article 5 Légalité des interdictions
23%
Article 8 Nécessité et non-rétroactivité des peines
23%
Article 7 Légalité des délits et arrestations
16%
Aucun quiz correspondant
Distribution des résultats
% des personnes avec chaque résultat
Percentile par nombre de réponses
Votre historique - résultats
Vous n’avez pas pris ce quiz